The knowledge base in educational administration multiple perspectives (Record no. 62895)
[ view plain ]
| 000 -LEADER | |
|---|---|
| fixed length control field | 00631nam a22001937a 4500 |
| 003 - CONTROL NUMBER IDENTIFIER | |
| control field | NUST - PNEC |
| 005 - DATE AND TIME OF LATEST TRANSACTION | |
| control field | 20170116180759.0 |
| 008 - FIXED-LENGTH DATA ELEMENTS--GENERAL INFORMATION | |
| fixed length control field | 150411b xxu||||| |||| 00| 0 eng d |
| 020 ## - INTERNATIONAL STANDARD BOOK NUMBER | |
| International Standard Book Number | 0791423867 |
| 040 ## - CATALOGING SOURCE | |
| Transcribing agency | LIBRARY |
| 082 ## - DEWEY DECIMAL CLASSIFICATION NUMBER | |
| Classification number | 371.2001 DON |
| 100 ## - MAIN ENTRY--PERSONAL NAME | |
| 9 (RLIN) | 2393 |
| Personal name | Donmoyer, Robert |
| 245 ## - TITLE STATEMENT | |
| Title | The knowledge base in educational administration multiple perspectives |
| Statement of responsibility, etc. | Donmoyer, Robert; |
| 250 ## - EDITION STATEMENT | |
| Edition statement | - |
| 260 ## - PUBLICATION, DISTRIBUTION, ETC. | |
| Place of publication, distribution, etc. | USA |
| Name of publisher, distributor, etc. | New York |
| Date of publication, distribution, etc. | C 1995 |
| 300 ## - PHYSICAL DESCRIPTION | |
| Extent | 317 . : |
| 650 ## - SUBJECT ADDED ENTRY--TOPICAL TERM | |
| 9 (RLIN) | 2394 |
| Topical term or geographic name entry element | The knowledge base in educational administration multiple perspectives |
| General subdivision | School management and organization--Philosophy |
| 942 ## - ADDED ENTRY ELEMENTS (KOHA) | |
| Source of classification or shelving scheme | |
| Koha item type | Book |
| Withdrawn status | Lost status | Source of classification or shelving scheme | Damaged status | Not for loan | Permanent Location | Current Location | Shelving location | Date acquired | Source of acquisition | Cost, normal purchase price | Total Checkouts | Full call number | Barcode | Date last seen | Cost, replacement price | Price effective from | Koha item type |
|---|---|---|---|---|---|---|---|---|---|---|---|---|---|---|---|---|---|
| Pakistan Navy Engineering College (PNEC) | Pakistan Navy Engineering College (PNEC) | 01/06/1999 | Abrar & Sons | 1064.00 | 371.2001 DON | PNECLIB-020327 | 04/11/2015 | 1064.00 | 01/06/1999 | Book |
